Famous People Born in February Quiz Stats

 Plays Quiz Updated Apr 27, 2018

Challenge
Share
Tweet
Score 0/30 Timer 07:00
0 Plays Today
% Correct
Abraham Lincoln
92.5%
John Travolta
90.5%
Paris Hilton
89.4%
Bob Marley
86.7%
Ashton Kutcher
84.4%
Rihanna
81.7%
Chris Rock
76.7%
Shakira
70.1%
Kurt Cobain
69.8%
Alice Cooper
69.2%
Drew Barrymore
65.8%
Alan Rickman
65.5%
Harry Styles
65.2%
Cristiano Ronaldo
62.8%
Taylor Lautner
62.7%
% Correct
Rosa Parks
57.9%
Ellen Page
53%
Gary Coleman
50.4%
Simon Pegg
47%
Rashida Jones
44.6%
Jeff Daniels
43.9%
Emily Blunt
43%
Elizabeth Banks
42.9%
Elizabeth Olsen
42.7%
Isla Fisher
42.6%
Dr. Dre
42.4%
Ronda Rousey
40.4%
Michael Bolton
38.6%
Tom Hiddleston
37.8%
Christina Ricci
37.3%

You're not logged in!

Compare scores with friends on all Sporcle quizzes.
OR
Log In

You Might Also Like...

Show Comments

Extras

Top Quizzes Today


Score Distribution

Your Account Isn't Verified!

In order to create a playlist on Sporcle, you need to verify the email address you used during registration. Go to your Sporcle Settings to finish the process.

Report this User

Report this user for behavior that violates our Community Guidelines.

Details: